Loading...
Forests at the land-atmosphere interface
| Main Authors: | , |
|---|---|
| Format: | Printed Book |
| Language: | Undetermined |
| Published: |
UK
CABI International
2004
|
| Edition: | 1st |
| Subjects: |
| LEADER | 00955nam a2200277Ia 4500 | ||
|---|---|---|---|
| 008 | 141004s9999 xx 000 0 und d | ||
| 020 | |a 851996779 | ||
| 040 | |c a | ||
| 041 | |a English | ||
| 082 | |a 634.901 | ||
| 082 | |b MEN/FO | ||
| 100 | |a J Grace | ||
| 100 | |a M Mencuccini | ||
| 245 | |a Forests at the land-atmosphere interface | ||
| 245 | |c M Mencuccini | ||
| 250 | |a 1st | ||
| 260 | |a UK | ||
| 260 | |b CABI International | ||
| 260 | |c 2004 | ||
| 300 | |a 281p | ||
| 365 | |a 150 | ||
| 501 | |a Fl.D-Plant | ||
| 650 | |a Forestry, stomatal function, large-scale processes, radiation modelling, forest meteorology, carbon sequestration, from science to natural-resource management | ||
| 942 | |c BK | ||
| 999 | |c 174674 |d 174674 | ||
| 952 | |0 0 |1 0 |4 0 |6 634_901000000000000_MEN_FO |7 0 |9 179655 |a KAUCOF |b KAUCOF |d 2041-12-04 |g 150.00 |o 634.901 MEN/FO |p KAU_COF-5542 |r 2014-10-04 |w 2014-10-04 |y BK | ||